000 00518nam a2200217Ia 4500
003 OSt
005 20221005114346.0
006 a|||||r|||| 00| 0
007 ta
008 221004b |||||||| |||| 00| 0 eng d
024 _a114619
037 _cTextual
040 _aCRL
_cCRL
_beng
041 _2eng
_aeng
100 _aDube R N
_9625842
245 0 _aArthik vikas aiv niyojan
260 _c1986
700 _a Sineha V C
_9625843
942 _cTEXL
_2cc
999 _c1031081
_d1031081